各声母最东端的县级行政区 - Statistics

General Stats
  • This quiz has been taken 6 times
  • The average score is 72 of 120
Answer Stats
声母 经度 省级行政区 地级行政区 县级行政区 % Correct
f 134.3°E 黑龙江省 佳木斯市 抚远市
100%
b 132.2°E 黑龙江省 双鸭山市 宝清县
83%
b 130.6°E 黑龙江省 七台河市 勃利县
83%
p 126.1°E 吉林省 吉林市 磐石市
83%
p 122.3°E 浙江省 舟山市 普陀区
83%
m 131.8°E 黑龙江省 鸡西市 密山市
83%
f 129.5°E 黑龙江省 伊春市 丰林县
83%
h 132.9°E 黑龙江省 鸡西市 虎林市
83%
j 131.1°E 黑龙江省 鸡西市 鸡东县
83%
c 121.3°E 浙江省 宁波市 慈溪市
83%
c 120.4°E 浙江省 温州市 苍南县
83%
w 127.2°E 黑龙江省 哈尔滨市 五常市
83%
b 127.5°E 黑龙江省 哈尔滨市 宾县
67%
b 127.4°E 黑龙江省 哈尔滨市 巴彦县
67%
p 126.6°E 黑龙江省 哈尔滨市 平房区
67%
p 122°E 辽宁省 盘锦市 盘山县
67%
m 130.5°E 黑龙江省 牡丹江市 穆棱市
67%
m 130.5°E 黑龙江省 鸡西市 麻山区
67%
m 128°E 黑龙江省 哈尔滨市 木兰县
67%
f 132°E 黑龙江省 佳木斯市 富锦市
67%
f 128.8°E 黑龙江省 哈尔滨市 方正县
67%
f 127.4°E 吉林省 白山市 抚松县
67%
d 131.1°E 黑龙江省 牡丹江市 东宁市
67%
d 130.4°E 黑龙江省 佳木斯市 东风区
67%
d 130.3°E 黑龙江省 鹤岗市 东山区
67%
d 129.6°E 黑龙江省 牡丹江市 东安区
67%
t 132.5°E 黑龙江省 佳木斯市 同江市
67%
t 131°E 黑龙江省 七台河市 桃山区
67%
t 129.8°E 吉林省 延边朝鲜族自治州 图们市
67%
n 130.3°E 黑龙江省 鹤岗市 南山区
67%
n 129.5°E 黑龙江省 牡丹江市 宁安市
67%
n 126.7°E 黑龙江省 哈尔滨市 南岗区
67%
l 131.2°E 黑龙江省 双鸭山市 岭东区
67%
l 130.3°E 黑龙江省 牡丹江市 林口县
67%
g 130.3°E 黑龙江省 鹤岗市 工农区
67%
g 124.8°E 吉林省 长春市 公主岭市
67%
k 126.2°E 黑龙江省 齐齐哈尔市 克东县
67%
k 125.9°E 黑龙江省 齐齐哈尔市 克山县
67%
h 130.7°E 黑龙江省 佳木斯市 桦川县
67%
h 130.5°E 黑龙江省 佳木斯市 桦南县
67%
j 131.2°E 黑龙江省 双鸭山市 尖山区
67%
j 131.1°E 黑龙江省 双鸭山市 集贤县
67%
j 130.4°E 黑龙江省 伊春市 嘉荫县
67%
q 131.1°E 黑龙江省 七台河市 茄子河区
67%
q 130.4°E 黑龙江省 佳木斯市 前进区
67%
x 130.9°E 黑龙江省 七台河市 新兴区
67%
x 130.4°E 黑龙江省 佳木斯市 向阳区
67%
x 130.3°E 黑龙江省 鹤岗市 向阳区
67%
zh 125.3°E 黑龙江省 大庆市 肇州县
67%
zh 125.1°E 黑龙江省 大庆市 肇源县
67%
ch 131°E 黑龙江省 鸡西市 城子河区
67%
ch 128.2°E 吉林省 白山市 长白朝鲜族自治县
67%
ch 126.6°E 吉林省 吉林市 昌邑区
67%
sh 128°E 黑龙江省 哈尔滨市 尚志市
67%
sh 127°E 吉林省 吉林市 舒兰市
67%
r 134°E 黑龙江省 双鸭山市 饶河县
67%
r 121.5°E 山东省 威海市 乳山市
67%
z 118°E 山东省 淄博市 淄川区
67%
s 131.8°E 黑龙江省 鹤岗市 绥滨县
67%
s 131.1°E 黑龙江省 牡丹江市 绥芬河市
67%
s 127.3°E 黑龙江省 黑河市 孙吴县
67%
s 127.1°E 黑龙江省 绥化市 绥棱县
67%
y 131.8°E 黑龙江省 双鸭山市 友谊县
67%
y 129.6°E 黑龙江省 牡丹江市 阳明区
67%
y 129.6°E 黑龙江省 哈尔滨市 依兰县
67%
y 129.5°E 吉林省 延边朝鲜族自治州 延吉市
67%
y 128.9°E 黑龙江省 伊春市 伊美区
67%
w 128.7°E 黑龙江省 伊春市 乌翠区
67%
w 126.5°E 黑龙江省 绥化市 望奎县
67%
w 126.2°E 黑龙江省 黑河市 五大连池市
67%
韵母 129.6°E 黑龙江省 牡丹江市 爱民区
67%
韵母 128.9°E 吉林省 延边朝鲜族自治州 安图县
67%
韵母 127°E 黑龙江省 哈尔滨市 阿城区
67%
b 131.4°E 黑龙江省 双鸭山市 宝山区
50%
p 123.8°E 辽宁省 本溪市 平山区
50%
m 125.9°E 黑龙江省 绥化市 明水县
50%
d 130.8°E 黑龙江省 鸡西市 滴道区
50%
t 129.9°E 黑龙江省 佳木斯市 汤原县
50%
t 129.6°E 黑龙江省 伊春市 汤旺县
50%
n 129.3°E 黑龙江省 伊春市 南岔县
50%
n 125.3°E 吉林省 长春市 南关区
50%
l 130.8°E 黑龙江省 鹤岗市 萝北县
50%
l 129.4°E 吉林省 延边朝鲜族自治州 龙井市
50%
g 123.5°E 黑龙江省 齐齐哈尔市 甘南县
50%
g 123.4°E 辽宁省 辽阳市 弓长岭区
50%
g 122.3°E 辽宁省 营口市 盖州市
50%
k 125.3°E 吉林省 长春市 宽城区
50%
k 124.8°E 辽宁省 丹东市 宽甸满族自治县
50%
k 124°E 辽宁省 铁岭市 开原市
50%
h 130.4°E 吉林省 延边朝鲜族自治州 珲春市
50%
j 131°E 黑龙江省 鸡西市 鸡冠区
50%
q 124.9°E 辽宁省 抚顺市 清原满族自治县
50%
x 130.3°E 黑龙江省 鹤岗市 兴山区
50%
zh 126°E 黑龙江省 绥化市 肇东市
50%
zh 124.5°E 辽宁省 丹东市 振安区
50%
zh 124.4°E 辽宁省 丹东市 振兴区
50%
ch 126.5°E 吉林省 吉林市 船营区
50%
ch 125.3°E 吉林省 长春市 朝阳区
50%
sh 126.3°E 黑龙江省 哈尔滨市 双城区
50%
r 124.9°E 黑龙江省 大庆市 让胡路区
50%
r 122.5°E 山东省 威海市 荣成市
50%
r 121.2°E 江苏省 南通市 如东县
50%
z 118°E 河北省 唐山市 遵化市
50%
z 117.7°E 山东省 滨州市 邹平市
50%
c 119.3°E 福建省 福州市 仓山区
50%
c 118.5°E 河北省 唐山市 曹妃甸区
50%
c 116.9°E 河北省 沧州市 沧县
50%
s 131.3°E 黑龙江省 双鸭山市 四方台区
50%
w 129.8°E 吉林省 延边朝鲜族自治州 汪清县
50%
韵母 127.5°E 黑龙江省 黑河市 爱辉区
50%
韵母 126°E 吉林省 通化市 二道江区
50%
l 130.7°E 黑龙江省 鸡西市 梨树区
33%
h 130.9°E 黑龙江省 鸡西市 恒山区
33%
q 126.1°E 黑龙江省 绥化市 青冈县
33%
x 130.2°E 黑龙江省 鹤岗市 兴安区
33%
sh 125.7°E 吉林省 长春市 双阳区
33%
sh 123.9°E 辽宁省 抚顺市 顺城区
33%
q 127.5°E 黑龙江省 绥化市 庆安县
17%
z 117.2°E 安徽省 铜陵市 枞阳县
17%
z 117.1°E 江西省 抚州市 资溪县
17%
No matching quizzes found
Score Distribution
Percent of People with Each Score
Percentile by Number Answered
Your Score History
You have not taken this quiz